000 00464nam a2200193Ia 4500
003 OSt
005 20260507102551.0
008 250729s2005 xx 000 0 und d
040 _cAL
041 _akan
082 _a372.8 KARP
100 _aObalesha Gatti R
_9229070
245 _audayonukha bharathadalli shikshana
260 _aಗದಗ
_c2005
300 _a338p
650 _aEducation
_9229071
700 _aRao Digumurthi
_9229072
942 _2ddc
_cBED
999 _c238209
_d238209